Normal görünüm MARC görünümü

Giriş Personal Name

Kullanılan kayıt sayısı: 1

001 - CONTROL NUMBER

  • control field: 3187

003 - CONTROL NUMBER IDENTIFIER

  • control field: TR-AnBAT

005 - DATE AND TIME OF LATEST TRANSACTION

  • control field: 20260330104805.0

008 - FIXED-LENGTH DATA ELEMENTS

  • fixed length control field: 260330|| aca||aabn | a|a d

040 ## - CATALOGING SOURCE

  • Original cataloging agency: TR-AnBAT
  • Transcribing agency: TR-AnBAT

100 ## - HEADING--PERSONAL NAME

  • Personal name: Aşut, Attilla

670 ## - SOURCE DATA FOUND

  • Source citation: Koha: (TR-AnBAT)10075: Ozan'a güz çelengi /, 2024